| 000 | 01429njm a22002777a 4500 | ||
|---|---|---|---|
| 005 | 20100913100512.0 | ||
| 007 | sd ammalaaahaa | ||
| 008 | 100913t xxu||||| |||| 00| 0 hin d | ||
| 028 |
_aBOE. 2076 _bODEON |
||
| 035 | _aGR-02033 | ||
| 040 | _aSED/VEN | ||
| 100 |
_aMohd. Rafi _91184 |
||
| 245 |
_aMehmoob ki mehndi / _cby Mohd. Rafi & Lata Mangeshkar ; music by Laxmikant Pyarelal ; lyric by Anand Bakshi _h[sound recording] : |
||
| 246 | _aमेहमूब की मेहँदी (मोहमद रफ़ी &लता मंगेशकर ) | ||
| 260 |
_aDum Dum India _bODEON _c1970 |
||
| 300 |
_a1 sound disc [Gramophone record] : _banalog, 45 1/3 rpm _c7 in. _fGramophone Record |
||
| 500 | _aBrief Record | ||
| 500 | _aODEN | ||
| 500 | _aBlack | ||
| 505 | _aItna to yad hai mujhe part 1 (Mehmoob ki mehndi) (Mohd. Rafi) इतना तो याद है मुझे पार्ट १ (महबूब की मेहँदी ) (मोहमद रफ़ी ) Mere diwanepan ki bhi dawa nahin part 2 (Mehmoob ki mehndi) (Kishore kumar) मेरे दीवानेपन की भी दवा नहीं पार्ट २ (मेहमूब की मेहँदी ) (किशोरे कुमार ) | ||
| 650 |
_aClassical Music _xExcerpts _zIndia _919603 _vFilm song |
||
| 700 |
_aLaxmikant Pyarelal _919604 |
||
| 700 |
_aBakshi, Anand _919605 |
||
| 700 | _919610 | ||
| 942 |
_2ddc _cGR |
||
| 999 |
_c45318 _d45318 |
||